जीवन सेतू. (Record no. 277613)

MARC details
000 -LEADER
fixed length control field 00620nam a2200181Ia 4500
008 - FIXED-LENGTH DATA ELEMENTS--GENERAL INFORMATION
fixed length control field 090630s9999 xx 000 0 und d
082 ## - DEWEY DECIMAL CLASSIFICATION NUMBER
Item number 25757
100 ## - MAIN ENTRY--PERSONAL NAME
Personal name पगडी सेतुमाधवराव.
245 ## - TITLE STATEMENT
Title जीवन सेतू.
Statement of responsibility, etc पगडी सेतुमाधवराव.
260 ## - PUBLICATION, DISTRIBUTION, ETC. (IMPRINT)
Name of publisher, distributor, etc कॉन्टीनेंटल.
Date of publication, distribution, etc 2000
300 ## - PHYSICAL DESCRIPTION
Extent 532
600 ## - SUBJECT ADDED ENTRY--PERSONAL NAME
Personal name पगडी सेतुमाधवराव.
630 ## - SUBJECT ADDED ENTRY--UNIFORM TITLE
Uniform title जीवन सेतू.
655 ## - INDEX TERM--GENRE/FORM
Genre/form data or focus term ---
700 ## - ADDED ENTRY--PERSONAL NAME
Personal name पगडी सेतुमाधवराव.
730 ## - ADDED ENTRY--UNIFORM TITLE
Uniform title जीवन सेतू.
942 ## - ADDED ENTRY ELEMENTS (KOHA)
Koha item type Book
Holdings
Withdrawn status Lost status Damaged status Not for loan Home library Current library Date acquired Cost, normal purchase price Total Checkouts Full call number Barcode Date last seen Cost, replacement price Price effective from Koha item type
        Sarvajanik Wachanalaya Shrivardhan Sarvajanik Wachanalaya Shrivardhan   250.00   25757 SAWASHRI-25757 06/30/2009 250.00 06/30/2009 Book